Stress Testing in the Context of Economic Cycle

Hlavným cieľom stresového testovania je zváženie výkonnosti finančného systému v mimoriadnych podmienkach. Tvrdenie, že regulátory majú systémové dôvody na cvičenia stresového testovania. Príčiny a príklad dvoch záťažových testov v Európe a USA, ich konštrukcia, výsledky a ekonomický kontext.

Salvato in:
Dettagli Bibliografici
Autore principale: Golha, Peter, 1977-
Natura: Capitolo di libro
Lingua:inglese
Soggetti:
Tags: Aggiungi Tag
Nessun Tag, puoi essere il primo ad aggiungerne!!

MARC

LEADER 00000naa$a2200000$$$4500
001 0277849
005 20240717114340.7
041 0 |a eng 
044 |a SK 
245 1 0 |a Stress Testing in the Context of Economic Cycle  |c Peter Golha 
520 |a Hlavným cieľom stresového testovania je zváženie výkonnosti finančného systému v mimoriadnych podmienkach. Tvrdenie, že regulátory majú systémové dôvody na cvičenia stresového testovania. Príčiny a príklad dvoch záťažových testov v Európe a USA, ich konštrukcia, výsledky a ekonomický kontext. 
610 2 0 |a stabilita finančná 
610 2 0 |a trh finančný 
610 2 0 |a testy 
610 2 0 |a stresy 
100 1 |a Golha, Peter, 1977-